000 00688nam a2200289Ia 4500
005 20260324123313.0
008 008 260324s9999 xx 000 0 eng d
020 _a9780203841730
037 _aEBOOK
040 _aCRL
040 _beng
040 _cCRL
041 _2eng
041 _aeng
084 _qCRL
100 _aMarc Helbling
_91169802
245 0 _aIslamophobia in the West
245 0 _bMeasuring and Explaining Individual Attitudes
260 _bTaylor and Francis
260 _c2012
365 _a
365 _b255
856 _uhttp://www.taylorfrancis.com/books/9780203841730
942 _cEBOOK
999 _c1763205
_d1763205